| 000 | 00812nam a22001817a 4500 | ||
|---|---|---|---|
| 003 | BDDh-ASL | ||
| 005 | 20231015031346.0 | ||
| 008 | 230427s2000 i ||||| |||| 00| 0 eng d | ||
| 040 |
_aBDDh-ASL _cBDDh-ASL |
||
| 041 | _aeng | ||
| 082 |
_a954.297 _bKHI |
||
| 100 | 1 |
_aKhan, Wahiduddin _cMaulana _98115 |
|
| 245 | 1 | 0 |
_aIndian Muslims : _bThe Need For A Positive Outlook / |
| 260 |
_aNew Delhi : _bGoodword Books, _c2000. |
||
| 300 |
_a192 p. : _c22 cm. |
||
| 650 | 0 |
_aMuslims, Muslim, ˈməzləm, মুসলিম, Musalima, Moslem, মুসলমানসম্বন্ধীয়, History of Muslims, মুসলমানদের ইতিহাস, Muslim History, Musalamānadēra itihāsa, Islamic History , ইসলামের ইতিহাস, Isalāmēra itihāsa _98116 |
|
| 942 |
_2ddc _cBK |
||
| 999 |
_c32154 _d32154 |
||